Understanding Automotive Electronics (Record no. 189556)

MARC details
000 -LEADER
fixed length control field 00493nam a2200193Ia 4500
008 - FIXED-LENGTH DATA ELEMENTS--GENERAL INFORMATION
fixed length control field 240823s9999||||xx |||||||||||||| ||und||
020 ## - INTERNATIONAL STANDARD BOOK NUMBER
International Standard Book Number 978-93-80931-17-3
082 ## - DEWEY DECIMAL CLASSIFICATION NUMBER
-- 629.254 Q1
100 ## - MAIN ENTRY--PERSONAL NAME
Personal name William B Ribbens
245 #0 - TITLE STATEMENT
Title Understanding Automotive Electronics
250 ## - EDITION STATEMENT
Edition statement 6th
260 ## - PUBLICATION, DISTRIBUTION, ETC. (IMPRINT)
Date of publication, distribution, etc 2011
Name of publisher, distributor, etc Els
Place of publication, distribution, etc Japan
500 ## - GENERAL NOTE
General note TRANSFERED
650 ## - SUBJECT ADDED ENTRY--TOPICAL TERM
Topical term or geographic name as entry element Automotive Electronics
942 ## - ADDED ENTRY ELEMENTS (KOHA)
Item type Books
Holdings
Withdrawn status Lost status Damaged status Permanent location Current location Shelving location Date acquired Source of acquisition Cost, normal purchase price Full call number Barcode Date last seen Koha item type
      CENTRAL LIBRARY, NOORUL ISLAM CENTRE FOR HIGHER EDUCATION CENTRAL LIBRARY, NOORUL ISLAM CENTRE FOR HIGHER EDUCATION   04/26/2012 TBH Library Book Suppliers 995.00 629.254 Q1 41865 08/23/2024 Books
Visitors:
Copyright © 2024 Central Library NICHE.  All rights reserved.